|
|
|
|
| LEADER |
01876nam a2200385 a 4500 |
| 001 |
mzk03001075218 |
| 003 |
CZ BrMZK |
| 005 |
20090922083043.0 |
| 007 |
ta |
| 008 |
090922s1621 gw a fr|||||00| ||latod |
| 040 |
|
|
|a BOA001
|b cze
|
| 072 |
|
7 |
|a 094
|x Staré tisky
|2 Konspekt
|9 12
|
| 080 |
|
|
|a (0.068)094
|2 MRF
|
| 100 |
1 |
|
|a Fludd, Robert,
|d 1574-1637
|7 nlk20000085640
|4 aut
|
| 245 |
1 |
0 |
|a Veritatis Proscenium in quo Aulaeum Erroris Tragicum Dimovetur :
|b Siparium ignorantiae scenicum complicatur, ipsaque veritas à suo ministro in publico producitur, Seu Demonstratio Quaedam Analytica, In qua Cvilibet comparationis Particulae in Appendice quadani a Joanne Kepplero, nuper in fine Harmoniae suae Mundanae editas factae inter Harmoniam suam mundanam, et illam Roberti Fludd, ipsißimis veritatis argumentis respondetur /
|c Authore Roberto Flvdd, aliâs de Fluctibus
|
| 260 |
|
|
|a Francofurti :
|b Typis Erasmi Kempeferi, Sumptibus Joan. Theodori de Bry,
|c 1621
|
| 300 |
|
|
|a 54 s. ;
|c 2°
|
| 500 |
|
|
|a Výzdoba: Signet, vlysy, iniciály, viněty, dřevořezy v textu (konstalace hvězd, pozorování ...)
|
| 501 |
|
|
|a Přívazek 2 k: Microcosmi Historia ... / Robert Fludd
|
| 510 |
3 |
|
|a DNB
|
| 655 |
|
7 |
|a staré tisky
|7 fd422076
|2 czenas
|
| 700 |
1 |
|
|a Merian, Matthäus,
|d 1593-1650
|7 skuk0000861
|4 ill
|
| 700 |
1 |
|
|a Kepler, Johannes,
|d 1571-1630
|7 jn19990004274
|4 aut
|
| 740 |
0 |
2 |
|a Philosophia sacra & vere Christiana Seu Meteorologia Cosmica
|
| 903 |
|
|
|a RP
|
| 910 |
|
|
|a BOA001
|b CH-0005.958,2,přív.2
|
| 978 |
|
|
|b Bry, Johann Theodor de
|a Oppenheim
|c 1621
|
| 978 |
|
|
|b Kempfer, Erasmus
|a Frankfurt a.M.
|c 1621
|
| 984 |
|
|
|a Frankfurt nad Mohanem
|b Německo
|
| 984 |
|
|
|a Oppenheim
|b Německo
|
| 985 |
|
|
|a 1601-1650
|
| 990 |
|
|
|a BK
|
| 993 |
|
|
|a Y
|
| 991 |
|
|
|k mzk
|
| 994 |
|
|
|a UP
|l MZK03
|b 001075216
|m přívazek 2
|n záznam 1. díla (pro objednání pokračujte kliknutím)
|